| 000 | 00416nam a22001577a 4500 | ||
|---|---|---|---|
| 999 |
_c257729 _d257728 |
||
| 003 | OSt | ||
| 005 | 20190912133140.0 | ||
| 008 | 190912b xxu||||| |||| 00| 0 eng d | ||
| 020 | _a9780486612263 | ||
| 040 | _cN/A | ||
| 100 | _aA.N.Kolmogorov & Richard A. Silverman | ||
| 245 | _aIntroductory Real Analysis. | ||
| 250 | _aRevised English Edition | ||
| 260 |
_aNew York _bDove Publication _c2017 |
||
| 942 |
_2lcc _cBK |
||